| 000 | 00525nam a22002057a 4500 | ||
|---|---|---|---|
| 003 | OSt | ||
| 005 | 20160516191944.0 | ||
| 008 | 160516b xxu||||| |||| 00| 0 eng d | ||
| 020 | _a0815334818 | ||
| 040 | _cDDC. | ||
| 082 | _a571.6 ESS 2004. | ||
| 100 |
_aAlberts,Bruce;[et......al] _98832 |
||
| 245 | _aEssential Cell Biology. | ||
| 250 | _a2nd ed. | ||
| 260 |
_aLondon. _bGarland science. _c2004. |
||
| 300 |
_axxi,740p; _bill; _c30cm. |
||
| 504 | _aincludes glossary. | ||
| 650 |
_aBiology. _95602 |
||
| 942 |
_2ddc _cSLOAN |
||
| 999 |
_c4066 _d4066 |
||